El principio de subsidiariedad en materia econm̤ica Anl̀isis de las constituciones peruanas de 1979 y 1993 /

Bibliographic Details
Main Author: Kresalja Rossell,̤ Baldo
Format: eBook
Language:Spanish
Subjects:
Online Access:Acceso restringido

MARC

LEADER 00000nam a22000007a 4500
005 20120703182817.0
007 cr|||| ||||
008 120703s2010 pe |||||s|||| 00||0 spa d
020 |a 978-612-4047-45-9 
035 |a 6443 
040 |a vLex 
090 |c 3259  |d 3259 
100 1 |a Kresalja Rossell,̤ Baldo 
245 1 0 |a El principio de subsidiariedad en materia econm̤ica  |h [recurso electrn̤ico] :  |b Anl̀isis de las constituciones peruanas de 1979 y 1993 /  |c Baldo Kresalja Rossell ̤ 
256 |a Servicio en ln̕ea 
300 |a 1 recurso electrn̤ico 
506 1 |a Contenido solo disponible en los productos indicados  |d vLex Global   |d vLex Global (Academic Edition, excluding Law Schools)   |d vLex Global (U.S. Academic Edition, Law Schools)   |d vLex Global (U.S. Academic Edition, excluding Law Schools)   |d vLex Global (Academic Edition, Law Schools)  
650 0 4 |z Per ︢  |a Subvenciones 
740 0 |a vLex Libros (Servicio en ln̕ea) 
856 4 0 |u http://vlex.com/source/principio-subsidiariedad-materia-economica-6443  |z Acceso restringido 
942 |c BOOK 
999 0 |a Subsidies